[Event "Bar"]
[Site "Bar"]
[Date "1997.11.20"]
[Round "2"]
[White "Popovic, Petar"]
[Black "Velimirovic, Dragoljub"]
[Result "1/2-1/2"]
[WhiteElo "2545"]
[BlackElo "2515"]
[Annotator "Hecht"]
[PlyCount "106"]
[EventDate "1997.11.19"]
[EventType "tourn"]
[EventRounds "10"]
[EventCountry "YUG"]
[EventCategory "12"]
[Source "ChessBase"]
[SourceDate "1998.03.26"]
[WhiteTeamCountry "YUG"]
[BlackTeamCountry "YUG"]

1. e4 {Tsesarsky} c5 2. Nf3 Nc6 3. d4 cxd4 4. Nxd4 g6 5. c4 Nf6 6. Nc3 d6 7. f3
Nxd4 8. Qxd4 Bg7 9. Be3 Be6 10. Rc1 O-O 11. Qd2 a6 (11... Rc8 {Tsesarsky} 12.
Nb5 a6 13. Nd4 Bd7 14. Be2 e5 15. Nb3 Be6 16. O-O Qe7 17. Rfd1 Rfd8 18. Bg5 $16
{1-0 Bojkovic-Heinatz/Dresden, SW 1993 (53)}) 12. b3 (12. Be2 {Tsesarsky} b5
13. Nd5 (13. cxb5 axb5 14. a3 d5 15. exd5 Nxd5 16. Nxd5 Qxd5 17. Qxd5 Bxd5 $11
{1/2-1/2 Laszlo,I-Eberth,Z/Open, Cseppko HUN 1997 (28)}) 13... bxc4 14. Nxf6+
Bxf6 15. Bxc4 Rc8 16. Bxe6 Rxc1+ 17. Qxc1 fxe6 18. Qd2 d5 19. b3 Qd6 $11 {
0-1 Pimenta,A-Khenkin,I/Geneve op 1994 (31)}) 12... Rc8 (12... Qa5 {Tsesarsky}
13. Nd5 Qxd2+ 14. Kxd2 Bxd5 15. cxd5 Rac8 (15... Rfc8 16. Rxc8+ Rxc8 17. g3 e6
18. Bh3 $16 {
1-0 Donaldson,J-Perelshteyn,E/Mermaid Beach Club IM Int'l 1997 (46)}) 16. g3
Rxc1 17. Kxc1 Nd7 18. Bh3 Ne5 19. Rf1 Re8 20. Kd2 e6 21. f4 Nd7 22. dxe6 fxe6
23. Rc1 $16 {1-0 Glatt,G-Orgovan,S/HUN-chT 1992 (71)}) (12... Qb8 {Tsesarsky}
13. Be2 Rc8 14. O-O b6 15. Nd5 Bxd5 16. cxd5 $16 {
0-1 Hartereau,P-Dvoirys,S/Ch. Paris 1993 (41)}) (12... Nd7 {Tsesarsky} 13. Be2
f5 14. exf5 Rxf5 15. O-O Ne5 16. f4 Nc6 17. Bg4 (17. Ne4 Bd7 18. Rfd1 Rf8 19.
c5 Bf5 20. Bc4+ Kh8 21. Ng5 Qe8 22. cxd6 exd6 23. Bb6 $14 {
1/2-1/2 Jansa,V-Meduna,E/Trinec 1972 (42)}) 17... Rf6 18. Bxe6+ Rxe6 19. Nd5
$14) 13. Be2 b5 (13... Qa5 {Tsesarsky} 14. O-O Rfe8 (14... Rc7 15. Kh1 Rfc8 16.
Nd5 Qxd2 17. Bxd2 Bxd5 18. cxd5 Rxc1 19. Rxc1 Rxc1+ 20. Bxc1 Nd7 21. Kg1 Bd4+
22. Kf1 $14 {1/2-1/2 Ree,H-Huguet,B/Las Palmas 1973 (50)}) (14... Rfd8 15. Rc2
Rc6 16. Bd4 Rdc8 17. Nd5 Qxd2 18. Rxd2 Bxd5 19. exd5 R6c7 20. Bb6 Rd7 21. g4
$14 {1-0 Tal,M-Ignatiev,F/USSR 1971 (35)}) 15. Rfd1 (15. Na4 Qxd2 16. Bxd2 Nd7
17. Be3 Rc7 18. Rfd1 Rec8 19. f4 f5 20. exf5 Bxf5 $14 {
1-0 Kurajica,B-Toran Albero,R/Malaga 1970 (41)}) (15. Rc2 Nd7 16. Rfc1 Ne5 17.
f4 Nc6 18. Rb1 b5 19. b4 Nxb4 20. Nd5 Nc6 21. cxb5 Qxd2 22. Rxd2 axb5 23. Bxb5
$18 {1-0 Velcheva,M-Papadopoulou,T/EU-chJW U20 Zanka 1995 (36)}) 15... Nd7 16.
Nd5 Qxd2 17. Rxd2 f5 18. exf5 Bxf5 19. Rcd1 $14 {
1-0 Solomon,S-Braga,C/Manila olm 1992 (57)}) 14. cxb5 (14. Nd5 {Tsesarsky} Nxd5
15. exd5 Bd7 16. O-O Re8 $11) 14... axb5 15. O-O b4 16. Na4 Rb8 17. Rc6 (17.
Bc4 {Tsesarsky} d5 $1 $11) 17... Bd7 18. Ra6 Bb5 (18... d5 {Tsesarsky} 19. Nc5
Bc8 20. Ra7 e5 21. Rc1 dxe4 22. fxe4 Qxd2 23. Bxd2 Rd8 24. Be3 $14) 19. Bxb5
Rxb5 20. Rc1 (20. Ra7 $5 {Tsesarsky} d5 21. Rd1 e5 22. Bg5 d4 (22... Qb8 23.
Ra6 $16) 23. Rc1 Qb8 24. Rcc7 $16) 20... Qd7 21. Rac6 (21. Ra7 {Tsesarsky} Qe6
(21... Rb7 22. Nb6 $18) 22. Rcc7 Re8 23. Bd4 Nd5 24. Rc4 Bxd4+ 25. Rxd4 Nf6 26.
Rxb4 $16) 21... h5 22. Qd3 (22. Nb6 {Tsesarsky} Qe6 23. R1c2 $16) 22... Rb7 23.
h3 (23. Nb6 {Tsesarsky} Qe6 24. Qa6 $16) 23... Rfb8 24. Qa6 (24. Nb6 {Tsesarsky
} Qe6 25. R1c4 Nd7 26. Nxd7 (26. Rxb4 Ne5 $17) 26... Qxd7 27. Qd5 Rb5 28. Qd2
$14) 24... Kh7 (24... Ne8 {Tsesarsky} 25. Nb6 Qe6 26. R1c4 $16) 25. Rd1 (25. e5
$5 {Tsesarsky} Ne8 (25... dxe5 26. Nc5 $18) 26. exd6 exd6 27. Qd3) (25. Nb6 $1
{Tsesarsky} Qe6 26. Qa5 Qe5 27. Qxe5 (27. Qxb4 Nd5 $3 $19) 27... dxe5 28. R1c4
$16) 25... Rc7 26. Rc4 (26. Rxc7 {Tsesarsky} Qxc7 $11) 26... Rxc4 27. Qxc4 Qb5
28. Qxb5 Rxb5 29. Rc1 d5 (29... Bh6 {Tsesarsky} 30. Kf2 Bxe3+ 31. Kxe3 Rb7 $11)
30. exd5 (30. Rc5 {Tsesarsky} Rxc5 31. Bxc5 dxe4 32. Nb6 (32. Bxe7 Nd5 33. Bd6
Bd4+ 34. Kf1 exf3 35. gxf3 g5 $11) 32... e6 33. Bxb4 Nd5 34. Bc5 exf3 35. gxf3
$132) 30... Nxd5 31. Rc5 Rxc5 32. Bxc5 e5 (32... g5 {Tsesarsky} 33. Nb6 Nxb6
34. Bxb6 Be5 35. Bc5 Bd6 36. Bxd6 exd6 37. Kf2 Kg6 38. Ke3 Kf5 39. Kd4 Kf4 40.
Kc4 Kg3 41. Kxb4 Kxg2 42. a4 Kxh3 43. a5 g4 44. fxg4 hxg4 45. a6 g3 46. a7 g2
47. a8=Q g1=Q 48. Qh8+ Kg3 49. Qg7+ Kh2 50. Qh6+ (50. Qxg1+ Kxg1 51. Kc3 f5 52.
b4 f4 53. b5 f3 54. b6 f2 55. b7 f1=Q 56. b8=Q $11) 50... Kg2 51. Qxd6 $11) 33.
Nb6 Nxb6 (33... Nc3 $6 {Tsesarsky} 34. Bxb4 Nxa2 35. Bd2 $14) 34. Bxb6 Bf8 35.
Kf1 Kg7 (35... g5 $1 {Tsesarsky} 36. Ke2 Kg6 37. g4 (37. Kd3 Kf5 (37... f5 38.
Kc4 e4 39. fxe4 fxe4 40. g4 $18) 38. g4+ (38. Be3 g4 39. fxg4+ (39. Kc4 gxf3
40. gxf3 e4 41. fxe4+ Kxe4 42. Bd2 f5 $17) 39... hxg4 40. h4 Kg6 41. Ke4 f6 42.
Kd5 Kh5 43. g3 Bh6 44. Bf2 Kg6 45. Be1 Be3 $132) 38... hxg4 39. hxg4+ Kf4 40.
Ke2 Kg3 41. Ke3 Be7 42. Ke4 f6 43. Be3 Kg2 $11) 37... f5 38. Kd3 (38. Bc7 hxg4
39. hxg4 e4 40. fxe4 fxg4 41. Kf2 Bc5+ 42. Kg3 Kh5 43. e5 Be3 44. e6 Bc5 45.
Be5 Be7 $11) 38... e4+ $1 39. fxe4 fxg4 40. hxg4 hxg4 41. Bc7 $132) 36. Ke2 Kf6
(36... f5 {Tsesarsky} 37. Kd3 Kf6 38. Kc4 e4 39. fxe4 fxe4 40. Be3 (40. Kd5 Kf5
41. Be3 Be7 $11) 40... Kf5 41. Bd2 Ke5 $11) 37. Kd3 Kf5 38. Be3 h4 (38... Ke6 {
Tsesarsky} 39. Kc4 f5 40. Bd2 e4 41. fxe4 fxe4 42. Bxb4 $18) 39. Bd2 g5 40. Be3
(40. Kc4 $1 {Tsesarsky} f6 (40... e4 41. fxe4+ Kxe4 42. Bxg5 $18) 41. Bxb4 Bxb4
42. Kxb4 Kf4 43. a4 f5 44. a5 e4 45. fxe4 fxe4 46. Kc3 Kg3 47. Kd4 $18) 40...
Be7 41. Bd2 f6 42. Kc4 e4 43. fxe4+ (43. Bxb4 $1 {Tsesarsky} exf3 44. gxf3 Bxb4
45. Kxb4 Kf4 46. a4 f5 47. a5 g4 48. fxg4 fxg4 49. a6 g3 50. a7 g2 51. a8=Q
g1=Q 52. Qc8 $16) 43... Kxe4 44. Bxb4 Bxb4 45. Kxb4 {#  Weiß hat nur dann
Gewinnchancen, wenn er den schwarzen König vom Damenflügel fernhalten kann.
Hauptteil ist daher eine  umfangreiche Analyse zu 46.Kc5.} f5 (45... Kd5 46.
Kc3 $18) 46. a4 (46. Kc5 g4 47. a4 gxh3 (47... f4 48. a5 f3 49. gxf3+ gxf3 50.
a6 f2 51. a7 {siehe C)}) (47... g3 48. a5 Ke3 49. a6 Kf2 50. a7 Kxg2 51. a8=Q+
Kh2 {#} 52. Kd4 (52. Qb8 Kxh3 (52... Kh1) 53. Qf4 g2 54. Qf2 f4 55. b4 f3 56.
b5 Kh2 57. Qxh4+ Kg1 58. Qe1+ Kh2 59. Qf2 Kh1 60. Qxf3 $18) 52... g2 53. Qg8
g1=Q+ 54. Qxg1+ Kxg1 55. Ke5 Kg2 56. b4 (56. Kf4 Kxh3 57. Kf3 Kh2 58. Kf2 h3
59. b4 Kh1 60. b5 h2 61. b6 f4 62. b7 f3 63. Kf1 f2 $11) 56... Kxh3 57. b5 Kg2
58. b6 h3 59. b7 h2 $11) 48. gxh3 f4 49. a5 f3 50. a6 f2 51. a7 f1=Q 52. a8=Q+
Ke3 {#} 53. b4 $16 Qf5+ 54. Qd5 Qf8+ 55. Kc4 Qf4+ 56. Kc3 Qf6+ 57. Kb3) (46.
Kc3 $1 {Tsesarsky} g4 (46... Ke3 47. b4 g4 48. b5 f4 49. b6 f3 50. b7 f2 (50...
fxg2 51. b8=Q g1=Q 52. Qb6+ $18) 51. b8=Q f1=Q 52. Qb6+ $1 Ke2 53. Qb2+ Ke3 54.
Qd2+ Ke4 55. Qd4+ Kf5 56. hxg4+ $18) 47. Kd2 Kf4 48. Ke2 (48. a4 Kg3 49. a5 f4
50. hxg4 f3 51. gxf3 h3 52. a6 h2 53. a7 h1=Q 54. a8=Q $18) 48... Kg3 49. Kf1
$18 gxh3 50. gxh3 Kxh3 51. b4 Kg3 52. b5 h3 53. Kg1 f4 54. b6 f3 55. b7 h2+ 56.
Kh1 f2 57. b8=Q+ Kf3 58. Qb1) 46... g4 (46... Kd5 47. Kc3 g4 48. Kd3 $18) 47.
a5 (47. Kc5 $1) (47. Kc3 {Tsesarsky} f4 48. Kd2 (48. hxg4 f3 49. gxf3+ Kd5 $19)
48... f3 49. gxf3+ Kxf3 50. a5 g3 $1 51. a6 g2 52. a7 g1=Q 53. a8=Q+ Kg3 $1 54.
Qc8 (54. Qg8+ Kxh3 $3 55. Qxg1 {PATT!}) 54... Qg2+ 55. Kc3 Qxh3 $11) 47... Kd5
$1 {Erst jetzt, nachdem der weiße König nicht mehr die schwarzen Bauern
aufhalten kann, geschieht dieser Sperrzug.} 48. Kb5 (48. Kc3 {Tsesarsky} f4 49.
Kd3 (49. hxg4 $2 f3 50. gxf3 h3 $19) (49. a6 Kc6 50. Kd4 f3 51. Ke3 fxg2 52.
Kf2 g3+ 53. Kxg2 Kb6 $11) 49... f3 50. Ke3 fxg2 51. Kf2 gxh3 52. a6 Kc6 53. b4
Kb6 54. b5 $11) 48... Kd6 49. Kb6 (49. a6 {Tsesarsky} Kc7 50. Kc5 f4 51. Kd4 f3
52. Ke3 fxg2 53. Kf2 gxh3 54. b4 $11) 49... f4 50. a6 f3 51. gxf3 g3 (51...
gxh3 52. a7 h2 53. a8=Q h1=Q 54. Qc6+ Ke7 $11) 52. a7 g2 53. a8=Q g1=Q+ {
Dauerschach wegen:} (53... g1=Q+ 54. Kb5 (54. Kb7 Qg7+ 55. Kb6 Qg1+) 54... Qc5+
55. Ka4 Qd4+ 56. Kb5 Qc5+) 1/2-1/2

[Event "Bar"]
[Site "Bar"]
[Date "1997.11.21"]
[Round "3"]
[White "Velimirovic, Dragoljub"]
[Black "Ivanovic, Bozidar"]
[Result "1/2-1/2"]
[WhiteElo "2515"]
[BlackElo "2500"]
[PlyCount "37"]
[EventDate "1997.11.19"]
[EventType "tourn"]
[EventRounds "10"]
[EventCountry "YUG"]
[EventCategory "12"]
[Source "ChessBase"]
[SourceDate "1998.03.26"]
[WhiteTeamCountry "YUG"]
[BlackTeamCountry "YUG"]

1. e4 e5 2. Nf3 Nc6 3. Bb5 a6 4. Ba4 Nf6 5. O-O Be7 6. Re1 b5 7. Bb3 d6 8. c3
O-O 9. h3 Na5 10. Bc2 c5 11. d4 Qc7 12. Nbd2 cxd4 13. cxd4 Bb7 14. d5 Rfc8 15.
Bd3 Nc4 16. Nf1 Nb6 17. Ng3 g6 18. Bg5 Nbd7 19. Qd2 1/2-1/2

[Event "Bar"]
[Site "Bar"]
[Date "1997.11.22"]
[Round "4"]
[White "Skembris, Spyridon"]
[Black "Velimirovic, Dragoljub"]
[Result "1-0"]
[WhiteElo "2470"]
[BlackElo "2515"]
[PlyCount "75"]
[EventDate "1997.11.19"]
[EventType "tourn"]
[EventRounds "10"]
[EventCountry "YUG"]
[EventCategory "12"]
[Source "ChessBase"]
[SourceDate "1998.03.26"]
[WhiteTeamCountry "YUG"]
[BlackTeamCountry "YUG"]

1. d4 Nf6 2. c4 c5 3. d5 e6 4. Nc3 exd5 5. cxd5 d6 6. e4 g6 7. h3 Bg7 8. Bd3
O-O 9. Bg5 Re8 10. Nf3 c4 11. Bc2 b5 12. a3 a5 13. Nxb5 Qb6 14. Qd4 Qxd4 15.
Nfxd4 Nxe4 16. Be3 Na6 17. O-O-O Bf8 18. Nc6 Bd7 19. Bxe4 Rxe4 20. Nc3 Ree8 21.
Rd4 Nc5 22. Rxc4 Nd3+ 23. Kb1 Bxc6 24. Rxc6 Rab8 25. Kc2 Ne5 26. Rc7 Be7 27.
Ba7 Ra8 28. Re1 Bd8 29. Rb7 Kf8 30. Bd4 Rc8 31. f4 Bh4 32. Re2 Rc4 33. Be3
Rxc3+ 34. bxc3 Nc4 35. Kd3 Rc8 36. a4 Bd8 37. Bd4 h5 38. Re1 1-0

[Event "Bar"]
[Site "Bar"]
[Date "1997.11.24"]
[Round "6"]
[White "Sokolov, Andrei"]
[Black "Velimirovic, Dragoljub"]
[Result "0-1"]
[WhiteElo "2580"]
[BlackElo "2485"]
[Annotator "Tsesarsky"]
[PlyCount "114"]
[EventDate "1997.11.19"]
[EventType "tourn"]
[EventRounds "10"]
[EventCountry "YUG"]
[EventCategory "12"]
[Source "ChessBase"]
[SourceDate "1998.03.26"]
[WhiteTeamCountry "YUG"]
[BlackTeamCountry "YUG"]

1. e4 c5 2. Nf3 Nc6 3. d4 cxd4 4. Nxd4 g6 5. c4 Nf6 6. Nc3 d6 7. Be2 Nxd4 8.
Qxd4 Bg7 9. Be3 O-O 10. Qd2 Be6 11. Rc1 Qa5 (11... a6 12. f3 Qa5 13. Nd5 Qxa2
$2 (13... Qxd2+ 14. Kxd2 Bxd5 15. cxd5 $14 {Adams/} Rfc8 16. b4 $1 (16. g4 e6
$1 17. g5 Nh5 18. dxe6 fxe6 $132 {1-0 Adams,M-Hodgson,J/Hastings A 1992 (60)})
16... Nd7 17. a4 (17. f4 Kf8 18. a4 Ke8 19. a5 Kd8 20. Kd3 Rxc1 21. Rxc1 Rc8
22. Rxc8+ Kxc8 23. g4 Kc7 24. h4 $16 {1/2-1/2 Karpov,A-Ignatiev/ 1971 (84)})
17... Kf8 18. a5 Bb2 19. Rc2 $1 $16 {1-0 Dvoirys,S-Tiviakov,S/Podolsk 1993 (54)
}) 14. Nxe7+ Kh8 15. O-O Qa4 (15... Ng8 $2 16. Bd4 Nxe7 17. Ra1 $18) (15... Qb3
$2 16. Bd1 Qa2 17. Bd4 $1 Rfe8 (17... Bxc4 18. Qc3 $1 Bxf1 19. Bxf6 $18) (17...
b5 18. Qc3 b4 19. Qxb4 $18) 18. Nd5 $18 {
1-0 Ibragimov,I-Khasin,A/URS-sf Russia-ch Gorky 1989 (20)}) 16. Qxd6 $16) 12.
f3 (12. b3 a6 13. f3 Rfc8 14. a4 Qb4 15. Nd5 $14 {
Reeh,O-Tal,M Deutschland Cup 1989} Qxd2+ 16. Kxd2 Nxd5 17. exd5 Bd7 18. a5 $14)
(12. O-O Rfc8 13. b3 a6 14. f4 b5 15. f5 Bd7 16. fxg6 hxg6 17. c5 $1 b4 18. Nd5
Nxd5 19. exd5 dxc5 20. Bc4 $40 {Maki,V-Frois,A /Thessaloniki/1990/  (25)})
12... Rfc8 (12... Rac8 13. b3 a6 14. Na4 Qxd2+ 15. Kxd2 Nd7 16. Rc2 f5 17. exf5
gxf5 18. Rhc1 Rc6 19. f4 $14 {1-0 Gheorghiu,F-Giertz,N/Bad Ragaz op 1993 (38)})
13. Nd5 $6 $11 (13. b3 $143 Nd7 (13... Rab8 $6 14. Nd5 (14. Na4 Qxd2+ 15. Kxd2
Bd7 16. Nc3 a6 17. a4 b6 18. g4 Be8 19. Nd5 {
1/2-1/2 Kavalek,L-Christiansen,L/Wijk aan Zee 1982}) 14... Qxd2+ 15. Kxd2 Nxd5
16. cxd5 Bd7 17. Bxa7 Rxc1 18. Rxc1 Ra8 19. Rc7 Rxa7 20. Ke3 (20. Rxd7 Rxa2+
21. Ke3 Bf6 22. Rxb7 $16) 20... Bh6+ 21. Kf2 Rxa2 22. Rxd7 Kf8 23. Rxb7 $16 {
1/2-1/2 Azmaiparashvili,Z-Smejkal,J/Moscow olm  GEO-CZE 1994 (55)}) 14. O-O a6
15. Rfd1 b5 16. Nd5 Qxd2 17. Rxd2 Bxd5 18. Rxd5 b4 19. f4 $142 (19. g4 $6 Nc5
20. Rcd1 a5 21. Bxc5 {1/2-1/2 Larsen,B-Panno,O/Buenos Aires Najdorf 1991}) (19.
Rcd1 $5 $14) 19... Nf6 20. Rd4 h5 21. e5 dxe5 22. fxe5 Ne8 23. Rd7 Rc7 24. Rxc7
Nxc7 25. Bc5 $14) 13... Qxd2+ 14. Kxd2 Nxd5 15. exd5 (15. cxd5 Bd7 16. Rxc8+ (
16. Rc2 Rxc2+ 17. Kxc2 Rc8+ 18. Kb1 a6 19. Rc1 $11 {
1-0 Nielsen,J-Schoenherr,H/corr W-7ch sf/7 (FS-73/187) 1973 (43)}) 16... Rxc8
17. Rc1 Rxc1 18. Kxc1 a6 19. Kc2 {
1/2-1/2 Rossolimo Nicolas USA-Bobotsov Milko G BUL/Wijk aan Zee Netherl 1968})
15... Bd7 16. f4 (16. b3 h5 $132 (16... Kf8 17. Bd3 b6 $6 18. g4 Rc7 (18...
Rab8 19. h4 f5 $2 20. h5 $16 {1-0 Zieher,H-Weichert,H/BL 1981 (25)}) 19. h4 h6
$132)) 16... a6 (16... Bxb2 $2 17. Rb1 Bf6 18. Rxb7 Bf5 19. Bd3 $16) 17. b4 (
17. b3 b5 $132) 17... a5 (17... b5 $5 18. c5 $5 a5 $1 19. a3 (19. c6 Bf5 20.
Bxb5 axb4 21. Bc4 Bb2 22. Rcd1 Bc3+ 23. Kc1 $15) 19... axb4 20. axb4 dxc5 21.
bxc5 b4 22. c6 Bf5 23. Bc5 Bc3+ 24. Ke3 Ra3 25. Kf2 Ra5 26. Bxe7 Rxd5 27. Bf3
$132) 18. b5 (18. a3 $2 axb4 19. axb4 Ra4 $17) 18... Bb2 19. Rc2 Ba3 20. Bd3 (
20. g4 Bc5 21. a4 $11) 20... Bc5 21. h4 (21. Bxc5 Rxc5 22. Re1 Kf8 23. a4 e6
$132) 21... Bg4 $5 22. Rf1 (22. Bxc5 Rxc5 23. g3 Rac8 24. Re1 Kf8 25. a4 $132)
22... e6 (22... Bb4+ 23. Kc1 e6 24. dxe6 fxe6 25. g3 Bf5 26. Rd1 Bg4 27. Rf1
Bf5 $11) 23. dxe6 fxe6 24. Bxc5 Rxc5 25. Re1 Rac8 26. Be4 (26. g3) 26... R8c7
27. b6 $6 (27. g3 b6 28. Bd3 $11) 27... Rd7 28. Rcc1 (28. g3 Kf7 29. Ke3 $11)
28... Kf7 29. g3 Kf6 30. Re3 (30. Ke3 $132) 30... d5 $5 31. cxd5 (31. Rd3 Bf5
32. Bxf5 (32. cxd5 Rxc1 33. Bxf5 Ra1 (33... Kxf5 34. Kxc1 Rxd5 35. Rb3 Kg4 $17)
34. Bxe6 Rxa2+ 35. Ke3 Rd6 36. g4 Rh2 37. g5+ Ke7 38. Rc3 Rxb6 39. Rc7+ Kd6 40.
Rd7+ Kc5 41. Rc7+ Kb4 42. Rxh7 a4 43. f5 gxf5 44. g6 a3 45. g7 a2 46. g8=Q a1=Q
47. Qf8+ Ka4 48. Qe8+ Kb3 49. d6+ Kb4 $19) 32... Kxf5 33. cxd5 Rxc1 34. Kxc1
Rxd5 35. Rb3 Kg4 $17) 31... Rxc1 32. Kxc1 exd5 33. Bg2 (33. Bh1 Rd6 34. Ra3
Rc6+ 35. Kd2 Rxb6 36. Rxa5 (36. Bxd5 Rd6 $19) 36... Rb1 37. Bxd5 b6 $1 $17)
33... Rd6 34. Ra3 Rc6+ 35. Kd2 Rxb6 36. Ke3 $1 (36. Bxd5 $2 Rd6 37. Rd3 Bf5 (
37... b5 38. Bg8 $11) 38. Be4 Rxd3+ 39. Kxd3 b5 (39... h5 40. Kd4 (40. a4 Bxe4+
41. Kxe4 Ke6 42. Kd4 Kd6 43. Kc4 Kc6 44. Kd4 b5 45. axb5+ Kxb5 46. g4 hxg4 47.
f5 gxf5 48. h5 a4 49. h6 a3 50. Kc3 (50. h7 a2 51. h8=Q a1=Q+ $19) 50... g3 51.
h7 a2 52. Kb2 g2 53. h8=Q a1=Q+ 54. Kxa1 g1=Q+ $17)) 40. Kd4 Bxe4 41. Kxe4 h5
$1 (41... b4 42. Kd4 $1 (42. g4 h5 $1 (42... a4 $4 43. Kd3 h5 44. gxh5 gxh5 45.
Kc4 b3 46. axb3 axb3 (46... a3 47. Kc3 Kf5 48. b4 $18) 47. Kxb3 Kf5 48. Kc4
Kxf4 49. Kd3 Kg3 50. Ke2 $11) 43. gxh5 gxh5 44. Kd4 Kf5 45. Kc4 Kxf4 $19) 42...
Kf5 43. Kc5 Kg4 44. Kb5 Kxg3 45. Kxa5 Kxf4 46. Kxb4 Ke5 $1 47. Kb5 h6 48. a4 g5
$11) 42. Kd4 Kf5 43. Kc5 Kg4 44. Kxb5 Kxg3 45. Kxa5 Kxh4 $19) (36. Kc3 Rb5 37.
Kd4 Rb4+ 38. Kxd5 Rb2 $17) 36... Rb5 37. Bf1 $1 (37. Rb3 Rxb3+ 38. axb3 b5 39.
Bxd5 Be6 40. Kd4 Bxd5 41. Kxd5 a4 42. bxa4 bxa4 43. Kc4 Kf5 $19) (37. Kd4 Rb4+
38. Kxd5 Rb2 $17) 37... Rb1 38. Bd3 $5 (38. Bg2 $1 Re1+ (38... Rb5 39. Bf1 $11)
39. Kd4 Be6 40. Rxa5 Rd1+ 41. Kc5 Rd2 42. Bh1 $11) 38... Rg1 39. Rxa5 $2 (39.
Kf2 $1 Rd1 40. Ke3 Bf5 41. Bxf5 Kxf5 42. Rxa5 Kg4 43. Rb5 Kxg3 44. Rxb7 h5 45.
Rb6 $11) 39... Rxg3+ $17 40. Kd2 Be6 41. Rb5 $2 (41. Ra7 $1 Rg2+ 42. Kc3 (42.
Ke3 Rb2 $17) 42... Bf5 $17 43. Bxf5 Kxf5 44. Rxb7 Rxa2 45. Rxh7 Kxf4 46. Rg7
Kf5 47. Kd4 Rd2+ 48. Ke3 Rd1 49. Rf7+ Ke5 50. Re7+ Kd6 51. Rg7 Re1+ 52. Kd3 Re6
53. Rh7 Ke5 54. h5 g5 55. Rg7 Kf5 56. Kd4 Rh6 57. Kxd5 Rxh5 58. Rf7+ Kg4 59.
Ke4 Rh8 60. Ke3 Kg3 61. Rf3+ Kg2 62. Rf2+ Kg1 63. Rf5 Rh3+ $19) 41... Rg4 $19
42. Rxb7 (42. Ke3 d4+ 43. Kxd4 Rxf4+ $19) 42... Rxh4 43. a4 Rxf4 44. a5 Ra4 45.
a6 h5 46. Bb5 (46. a7 h4 47. Bb5 Ra2+ 48. Kd3 h3 $19) 46... Ra2+ 47. Kc3 h4 48.
Rh7 h3 49. Kb3 d4+ 50. Kb4 h2 51. a7 Bd5 52. Bc4 Rxa7 53. Rxh2 Bxc4 (53... Ke5
$19) 54. Kxc4 Ke5 55. Rg2 (55. Re2+ Kf4 56. Kxd4 Rd7+ 57. Kc5 g5 $19) 55...
Rc7+ 56. Kd3 Rc3+ 57. Kd2 Kf5 0-1

[Event "Bar"]
[Site "Bar"]
[Date "1997.11.25"]
[Round "7"]
[White "Velimirovic, Dragoljub"]
[Black "Popovic, Petar"]
[Result "0-1"]
[WhiteElo "2515"]
[BlackElo "2545"]
[PlyCount "116"]
[EventDate "1997.11.19"]
[EventType "tourn"]
[EventRounds "10"]
[EventCountry "YUG"]
[EventCategory "12"]
[Source "ChessBase"]
[SourceDate "1998.03.26"]
[WhiteTeamCountry "YUG"]
[BlackTeamCountry "YUG"]

1. e4 c5 2. Nf3 d6 3. d4 cxd4 4. Nxd4 Nf6 5. Nc3 Nc6 6. Bc4 e6 7. Be3 a6 8. Bb3
Be7 9. g4 Nxd4 10. Qxd4 e5 11. Qd3 Bxg4 12. Rg1 O-O 13. Bg5 Bh5 14. Qh3 Bg6 15.
Bxf6 Bxf6 16. O-O-O Rc8 17. Qf3 Kh8 18. Kb1 Bg5 19. Qg4 Bh6 20. h4 f5 21. exf5
Bxf5 22. Qb4 a5 23. Qxb7 Qxh4 24. f3 a4 25. Nxa4 e4 26. Rh1 Qf4 27. Nb6 Rb8 28.
Qc7 exf3 29. Nd5 Qe5 30. Rhe1 Be4 31. Nc3 f2 32. Rf1 Bf3 33. Rxf2 Bxd1 34. Nxd1
Rbe8 35. Rxf8+ Rxf8 36. a4 Bd2 37. Ka2 h5 38. c3 Bg5 39. Qd7 Kh7 40. Bc2+ Kh6
41. Qh3 Qd5+ 42. Bb3 Qf5 43. Qh2 Qe5 44. Qg2 g6 45. Bc2 d5 46. Bd3 Qf4 47. Bb5
Qe4 48. Qg1 Qg4 49. Qe1 d4 50. cxd4 Qxd4 51. Nc3 Rf2 52. Kb3 Bd2 53. Qe7 Bc1
54. Be2 Qb6+ 55. Bb5 Qd4 56. Be2 Qd2 57. Qe5 Qxb2+ 58. Kc4 Rf4+ 0-1

[Event "Bar"]
[Site "Bar"]
[Date "1997.11.26"]
[Round "8"]
[White "Ivanovic, Bozidar"]
[Black "Velimirovic, Dragoljub"]
[Result "1/2-1/2"]
[WhiteElo "2500"]
[BlackElo "2515"]
[PlyCount "24"]
[EventDate "1997.11.19"]
[EventType "tourn"]
[EventRounds "10"]
[EventCountry "YUG"]
[EventCategory "12"]
[Source "ChessBase"]
[SourceDate "1998.03.26"]
[WhiteTeamCountry "YUG"]
[BlackTeamCountry "YUG"]

1. e4 c5 2. Nf3 Nc6 3. d4 cxd4 4. Nxd4 g6 5. Nc3 Bg7 6. Nb3 Nf6 7. Be2 O-O 8.
O-O d6 9. Bg5 a5 10. a4 Be6 11. Qd2 Rc8 12. Rfe1 Ne5 1/2-1/2

[Event "Bar"]
[Site "Bar"]
[Date "1997.11.27"]
[Round "9"]
[White "Velimirovic, Dragoljub"]
[Black "Skembris, Spyridon"]
[Result "0-1"]
[WhiteElo "2515"]
[BlackElo "2470"]
[PlyCount "50"]
[EventDate "1997.11.19"]
[EventType "tourn"]
[EventRounds "10"]
[EventCountry "YUG"]
[EventCategory "12"]
[Source "ChessBase"]
[SourceDate "1998.03.26"]
[WhiteTeamCountry "YUG"]
[BlackTeamCountry "YUG"]

1. a3 d5 2. Nf3 Nf6 3. g3 g6 4. Bg2 Bg7 5. d3 O-O 6. O-O c6 7. Nc3 Re8 8. e4 e5
9. Nd2 dxe4 10. Ndxe4 Nxe4 11. Nxe4 h6 12. g4 Nd7 13. g5 hxg5 14. Bxg5 f6 15.
Bd2 Nf8 16. h4 Ne6 17. h5 f5 18. Ng3 f4 19. hxg6 Qg5 20. Qh5 Qxh5 21. Nxh5 Nd4
22. Be4 Bg4 23. Nxg7 Kxg7 24. Kg2 Re6 25. Bc3 Bf3+ 0-1

[Event "Bar"]
[Site "Bar"]
[Date "1997.11.28"]
[Round "10"]
[White "Andersson, Ulf"]
[Black "Velimirovic, Dragoljub"]
[Result "1-0"]
[WhiteElo "2640"]
[BlackElo "2515"]
[Annotator "ChessBase"]
[PlyCount "23"]
[EventDate "1997.11.19"]
[EventType "tourn"]
[EventRounds "10"]
[EventCountry "YUG"]
[EventCategory "12"]
[Source "ChessBase"]
[SourceDate "1998.03.26"]
[WhiteTeamCountry "YUG"]
[BlackTeamCountry "YUG"]

1. e4 e6 2. d4 d5 3. Nc3 Bb4 4. Nge2 dxe4 5. a3 Be7 6. Nxe4 Nc6 7. g3 Nf6 (7...
e5 8. d5 Bg4 9. Qd3 Bxe2 10. Bxe2 Nd4 11. c3 Nxe2 12. Qb5+ Kf8 (12... Qd7 13.
Qxd7+ Kxd7) 13. Kxe2 {1-0 Rewitz,P-Ochsner,T/Aarhus-A 1988/EXT 97 (37)}) 8. Bg2
e5 (8... O-O 9. O-O e5 10. Nxf6+ Bxf6 11. d5 Nd4 12. c3 Nxe2+ 13. Qxe2 Bf5 14.
Be3 Qd7 15. Rad1 Rfe8 16. Rd2 e4 17. Qc4 b5 18. Qc6 a5 19. Bf4 Qxc6 20. dxc6 {
1-0 Biyiasas,P-Jamieson,R/Haifa olm 1976/MCD-ol (34)}) 9. Nxf6+ Bxf6 10. d5 Ne7
(10... Nd4 11. Nxd4 (11. c3 $5) 11... exd4 12. Qe2+ Qe7 13. Qxe7+ Kxe7 14. Bf4
Kd8 15. O-O-O g5 16. Bd2 Bf5 {1/2-1/2 Rajna,G-Farago,I/Szolnok 1975/MCD-r7 (28)
}) 11. Nc3 (11. O-O O-O 12. Nc3 Nf5 13. Ne4 Nd6 14. Qe2 Bf5 15. c4 Nxe4 16.
Bxe4 Qd7 17. Bd2 Rae8 18. Bb4 Be7 19. Bxf5 Qxf5 20. Rfe1 {
1-0 Lechtynsky,J-Lombard,A/Polanica Zdroj 1974/MCD-r7 (37)}) 11... Bf5 $4 12.
g4 (12. g4 Bg6 13. g5 $18) 1-0

[Event "YUG Cup"]
[Site "Ulcinj"]
[Date "1998.??.??"]
[Round "1"]
[White "Velimirovic, Dragoljub"]
[Black "Nevednichy, Vladislav"]
[Result "1-0"]
[WhiteElo "2535"]
[BlackElo "2550"]
[PlyCount "93"]
[EventDate "1998.??.??"]
[EventType "team"]
[EventRounds "7"]
[EventCountry "YUG"]
[Source "ChessBase"]
[SourceDate "1998.11.10"]
[WhiteTeamCountry "YUG"]
[BlackTeamCountry "YUG"]

1. e4 g6 2. d4 Bg7 3. Nc3 c6 4. f4 d5 5. e5 Nh6 6. Nf3 f6 7. h3 Nf5 8. g4 Ng3
9. Rg1 Ne4 10. Bd3 f5 11. gxf5 Bxf5 12. Bxe4 dxe4 13. Ng5 Bh6 14. Be3 Bxg5 15.
Rxg5 e6 16. Qe2 Na6 17. O-O-O Nb4 18. Kb1 Nd5 19. Nxd5 cxd5 20. h4 h5 21. Rdg1
Qd7 22. c4 dxc4 23. Qxc4 Rc8 24. Qb3 Kf7 25. a3 Rc6 26. Rd1 Rb6 27. Qa2 Qa4 28.
Rc1 Rc6 29. Rgg1 Qb5 30. Rxc6 bxc6 31. Ka1 Rb8 32. Rc1 Qe2 33. Rc3 Qe1+ 34. Qb1
Qxh4 35. Rxc6 Qd8 36. Qc2 Rb7 37. Rc8 Qb6 38. b4 Qa6 39. Bc1 Qb6 40. Qc4 a5 41.
Qc5 Qxc5 42. dxc5 axb4 43. c6 Rb6 44. c7 Rc6 45. Be3 Ke7 46. Rg8 Kd7 47. Bb6
1-0